000 00222nam a2200097Ia 4500
008 240331s9999 xx 000 0 und d
082 _bKUR
100 _aKurian, C.T
245 0 _aThamilaka kiramappura maruthalkal
942 _cL
999 _c2230
_d2230